Islam dalam sejarah politik dan pemerintahan alam Melayu

Bibliographic Details
Main Author: Auni Abdullah
Format: Book
Published: Kuala Lumpur : Nurin Enterprise , 1991
Subjects:

MARC

LEADER 00000cam a2200000 7i4500
001 0000000027
002 000000036
005 20000330.0
020 |a 9679840336 
090 0 0 |a 297.4   |b AUN 
100 0 |a Auni Abdullah 
245 1 0 |a Islam dalam sejarah politik dan pemerintahan alam Melayu   |c Auni Abdullah 
260 |a Kuala Lumpur :   |b Nurin Enterprise ,   |c 1991 
300 |a 294 p. ;   |c 22 cm. 
650 0 0 |a Political history   |x Islam 
999 |a 027779   |b BUKU   |c PINJAMAN   |e PERPUSTAKAAN KOMUNITI PETALING JAYA 
999 |a 027780   |b BUKU   |c PINJAMAN   |e PERPUSTAKAAN KOMUNITI PETALING JAYA